000 00510nam a2200169 a 4500
001 11553
005 20180713195731.0
008 140415s1987 mx 000 0 spa d
041 _aspa
082 _a330.12298
_bFRA
100 1 _aFRANK, ANDRE GUNDER
245 1 0 _aCAPITALISMO Y SUBDESARROLLO EN AMERICA LATINA
250 _a9A ED.
260 _aMEXICO :
_bSIGLO VEINTIUNO EDITORES,
_c1987
300 _a345
650 1 4 _aAMERICA LATINA
_xDESARROLLO ECONOMICO
_xAMERICA LATINA
_xSUBDESARROLLO
999 _c11553
_d11553